Estadísticas para Idiomas países

Haz click aquí para tomar la prueba!

Estadísticas generales

  • Esta prueba ha sido tomada 52 veces
    (31 desde el último reinicio)
  • La puntuación promedio es 90 de 316

Estadísticas de respuestas

Respuesta% Correcto
Alemán
100%
Francés
95%
Albanés
90%
Catalán
90%
Alemán
85%
Bielorruso
75%
Búlgaro
75%
Croata
75%
Danés
75%
Español
75%
Griego
75%
Francés
70%
Húngaro
70%
Irlandés
70%
Italiano
70%
Noruego
70%
Alemán
65%
Bosnio
65%
Checo
65%
Español
65%
Español
65%
Español
65%
Español
65%
Español
65%
Español
65%
Español
65%
Español
65%
Español
65%
Francés
65%
Inglés
65%
Inglés
65%
Inglés
65%
Inglés
65%
Inglés
65%
Inglés
65%
Inglés
65%
Inglés
65%
Lituano
65%
Portugués
65%
Ruso
65%
Serbio
65%
Sueco
65%
Ucraniano
65%
Alemán
60%
Croata
60%
Eslovaco
60%
Esloveno
60%
Estonio
60%
Finés
60%
Francés
60%
Francés
60%
Inglés
60%
Inglés
60%
Inglés
60%
Inglés
60%
Inglés
60%
Islandés
60%
Italiano
60%
Letón
60%
Macedonio
60%
Polaco
60%
Rumano
60%
Ruso
60%
Alemán
55%
Alemán
55%
Francés
55%
Inglés
55%
Inglés
55%
Maltés
55%
Neerlandés
55%
Serbio
55%
Coreano
50%
Italiano
50%
Neerlandés
50%
Rumano
50%
Sueco
50%
Albanés
45%
Árabe
45%
Árabe
45%
Árabe
45%
Árabe
45%
Francés
45%
Francés
45%
Luxemburgués
45%
Árabe
40%
Árabe
40%
Armenio
40%
Chino mandarín
40%
Español
40%
Filipino
40%
Georgiano
40%
Griego
40%
Hebreo
40%
Indonesio
40%
Inglés
40%
Inglés
40%
Inglés
40%
Serbio
40%
Tailandés
40%
Turco
40%
Vietnamita
40%
Árabe
35%
Árabe
35%
Árabe
35%
Árabe
35%
Árabe
35%
Árabe
35%
Bengalí
35%
Birmano
35%
Español
35%
Español
35%
Español
35%
Español
35%
Español
35%
Español
35%
Español
35%
Español
35%
Hindi
35%
Inglés
35%
Inglés
35%
Inglés
35%
Inglés
35%
Kirguís
35%
Mongol
35%
Montenegrino
35%
Nepalí
35%
Persa
35%
Portugués
35%
Romanche
35%
Turco
35%
Chino mandarín
30%
Criollo haitiano
30%
Inglés
30%
Inglés
30%
Inglés
30%
Inglés
30%
Inglés
30%
Kazajo
30%
Lao
30%
Malayo
30%
Ruso
30%
Ruso
30%
Tayiko
30%
Uzbeko
30%
Árabe
25%
Fiyiano
25%
Inglés
25%
Inglés
25%
Inglés
25%
Neerlandés
25%
Portugués
25%
Quechua
25%
Quechua
25%
Ruso
25%
Ruso
25%
Ruso
25%
Urdu
25%
Árabe
20%
Árabe
20%
Azerí
20%
Español
20%
Francés
20%
Francés
20%
Francés
20%
Francés
20%
Francés
20%
Guaraní
20%
Inglés
20%
Inglés
20%
Inglés
20%
Inglés
20%
Inglés
20%
Kurdo
20%
Malayo
20%
Maldivo
20%
Portugués
20%
Portugués
20%
Sami
20%
Samoano
20%
Árabe
15%
Árabe
15%
Árabe
15%
Chino mandarín
15%
Francés
15%
Francés
15%
Francés
15%
Francés
15%
Francés
15%
Inglés
15%
Inglés
15%
Inglés
15%
Inglés
15%
Inglés
15%
Inglés
15%
Malayo
15%
Maorí
15%
Ninguno
15%
Ninguno
15%
Portugués
15%
Portugués
15%
Turcomano
15%
Aimara
10%
Aimara
10%
Amhárico
10%
Árabe
10%
Criollo antillano
10%
Dzongkha
10%
Francés
10%
Francés
10%
Francés
10%
Francés
10%
Francés
10%
Francés
10%
Francés
10%
Francés
10%
Francés
10%
Guaraní
10%
Inglés
10%
Inglés
10%
Inglés
10%
Inglés
10%
Inglés
10%
Inglés
10%
Inglés
10%
Inglés
10%
Jemer
10%
Nauruano
10%
Ninguno
10%
Portugués
10%
Portugués
10%
Sesoto
10%
Suajili
10%
Tamil
10%
Tamil
10%
Tetun
10%
Tongano
10%
Afrikáans
5%
Afrikáans
5%
Alemán
5%
Árabe
5%
Árabe
5%
Árabe
5%
Cingalés
5%
Darí
5%
Francés
5%
Francés
5%
Francés
5%
Inglés
5%
Inglés
5%
Inglés
5%
Inglés
5%
Malgache
5%
Marshalés
5%
Pastún
5%
Patois jamaicano
5%
Setsuana
5%
Somalí
5%
Suajili
5%
Suajili
5%
Suazi
5%
Tsonga
5%
Tuvaluano
5%
Árabe
0%
Árabe Yuba
0%
Bislama
0%
Chichewa
0%
Chiluba
0%
Comorense
0%
Criollo mauriciano
0%
Criollo seychelense
0%
Francés
0%
Fula
0%
Gilbertés
0%
Hausa
0%
Herero
0%
Hindi fiyiano
0%
Hiri motu
0%
Igbo
0%
Inglés
0%
Inglés
0%
Khoekhoe
0%
Kiñaruanda
0%
Kirundi
0%
Kituba
0%
Kituba
0%
Lenguas bereberes
0%
Lenguas bereberes
0%
Lenguas bereberes
0%
Lingala
0%
Lingala
0%
Masrí
0%
Ndebele
0%
Ndebele del sur
0%
Ninguno
0%
Oromo
0%
Oshiwambo
0%
Palauano
0%
Rukwangali
0%
Sango
0%
Sesoto
0%
Sesoto sa leboa
0%
Setsuana
0%
Setswana
0%
Shona
0%
Silozi
0%
Somalí
0%
Somalí
0%
Suajili
0%
Suajili
0%
Suazi
0%
Tigriña
0%
Tok pisin
0%
Venda
0%
Xhosa
0%
Yoruba
0%
Zulú
0%

Distribución de puntuación

Porcentaje por número respondido

Porcentaje de gente con cada puntuación

Historial de tus puntuaciones

No has tomado esta prueba desde el último reinicio